|
|
|
|
| LEADER |
00000nab a2200000 ar4500 |
| 001 |
vtls009004795 |
| 003 |
SK-MaSNL |
| 005 |
20260303065647.0 |
| 008 |
070703c2007 xo er|p|||||||000 b|slo |
| 015 |
|
|
|a SNBRB2007/07
|2 snkbucl
|
| 038 |
|
|
|a SNKBUCL
|
| 040 |
|
|
|a SNKBUCL
|b slo
|c SNKBUCL
|e AACR2
|
| 041 |
0 |
|
|a slo
|
| 044 |
|
|
|a xo
|c SK
|
| 080 |
|
|
|a 339.7-051
|2 2001
|
| 080 |
|
|
|a 341.7-051
|2 2001
|
| 080 |
|
|
|a 929 Zoellick, Robert Bruce
|2 2001
|
| 080 |
|
|
|a 339.732
|x (100)
|2 2001
|
| 100 |
1 |
|
|a Pressburg, Adrian Peter
|4 aut
|9 857364
|
| 245 |
1 |
0 |
|a Robert Zoellick spolieha na silu argumentov, nie zbraní
|c Adrian Peter Pressburg
|
| 300 |
|
|
|b Fotogr.
|
| 600 |
1 |
7 |
|a Zoellick, Robert Bruce,
|d 1953-
|2 snkbucl
|9 1066021
|
| 610 |
2 |
7 |
|a Svetová banka
|x Zoellick, Robert Bruce, 1953-
|x menovanie do funkcie prezidenta
|2 snkbucl
|9 1066022
|
| 773 |
0 |
|
|t Profit
|g Č. 13 (2007), s. 22-23
|x 1335-4620
|
| 852 |
|
|
|a SNK
|b KIS3GCP
|
| 958 |
|
|
|a BC
|
| 958 |
|
|
|a US
|
| 999 |
|
|
|c 1752092
|d 1754022
|